000 00348nam a2200133Ia 4500
008 230917s9999||||xx |||||||||||||| ||und||
040 _e201672
_aMAIN
041 _aEnglish
082 _a342.54558 C361H
245 0 _aHaryana panchayati raj adhiniyam avam niyam 1994
260 _aRohtak
_bBright Law House
_c1994
300 _av. p.
942 _cBK
999 _c134431
_d134431